Ehiẏāo ulumiddīna bā ehiẏāul ulūma. (Record no. 60949)

MARC details
000 -LEADER
fixed length control field 00611cam a22002291 4500
001 - CONTROL NUMBER
control field sa 64008668
003 - CONTROL NUMBER IDENTIFIER
control field DLC
005 - DATE AND TIME OF LATEST TRANSACTION
control field 20260227112055.0
008 - FIXED-LENGTH DATA ELEMENTS--GENERAL INFORMATION
fixed length control field 940602m19609999ii 000 0 beno
010 ## - LIBRARY OF CONGRESS CONTROL NUMBER
LC control number sa 64008668
025 ## - OVERSEAS ACQUISITION NUMBER
Overseas acquisition number PL480:EP-B-137
035 ## - SYSTEM CONTROL NUMBER
System control number (OCoLC)30538529
040 ## - CATALOGING SOURCE
Original cataloging agency DLC
Transcribing agency CU
Modifying agency CU
-- DLC
050 00 - LIBRARY OF CONGRESS CALL NUMBER
Classification number BP174
Item number .G512
100 0# - MAIN ENTRY--PERSONAL NAME
Personal name Ghazzālī,
Dates associated with a name 1058-1111.
245 10 - TITLE STATEMENT
Title Ehiẏāo ulumiddīna bā ehiẏāul ulūma.
260 ## - PUBLICATION, DISTRIBUTION, ETC.
Place of publication, distribution, etc. [Dacca,
Name of publisher, distributor, etc. Azifa Khatun,
Date of publication, distribution, etc. 1960-
300 ## - PHYSICAL DESCRIPTION
Extent v.
Dimensions 25 cm.
500 ## - GENERAL NOTE
General note In Bengali.
650 #0 - SUBJECT ADDED ENTRY--TOPICAL TERM
Topical term or geographic name entry element Islam
General subdivision Customs and practices.
700 1# - ADDED ENTRY--PERSONAL NAME
Personal name Karim, Fazlul.

No items available.

Powered by Koha